Solutions Manual Engineering Fluid Mechanics (Record no. 330364)

000 -LEADER
fixed length control field nam a22 7a 4500
003 - CONTROL NUMBER IDENTIFIER
control field NUST
005 - DATE AND TIME OF LATEST TRANSACTION
control field 20170622123456.0
008 - FIXED-LENGTH DATA ELEMENTS--GENERAL INFORMATION
fixed length control field 170622b xxu||||| |||| 00| 0 eng d
020 ## - INTERNATIONAL STANDARD BOOK NUMBER
International Standard Book Number 0395526930
040 ## - CATALOGING SOURCE
Transcribing agency 0
082 ## - DEWEY DECIMAL CLASSIFICATION NUMBER
Classification number 620.1 ROB
100 ## - MAIN ENTRY--PERSONAL NAME
Personal name Roberson,John A.
9 (RLIN) 3088
245 ## - TITLE STATEMENT
Title Solutions Manual Engineering Fluid Mechanics
Statement of responsibility, etc. John A.Roberson
260 ## - PUBLICATION, DISTRIBUTION, ETC.
Place of publication, distribution, etc. Boston
Name of publisher, distributor, etc. Houghton Mifflin Company
Date of publication, distribution, etc. 1990.
300 ## - PHYSICAL DESCRIPTION
Extent 324+p
500 ## - GENERAL NOTE
General note P.B
942 ## - ADDED ENTRY ELEMENTS (KOHA)
Source of classification or shelving scheme
Koha item type Book
Call number prefix IESE
Holdings
Withdrawn status Lost status Source of classification or shelving scheme Damaged status Not for loan Collection code Permanent Location Current Location Shelving location Date acquired Total Checkouts Full call number Barcode Date last seen Price effective from Koha item type
            Institute of Environmental Science and Engineering (IESE) Institute of Environmental Science and Engineering (IESE) General Stacks 06/22/2017   620.1 ROB IESE-62 06/22/2017 06/22/2017 Book
© 2023 Central Library, National University of Sciences and Technology. All Rights Reserved.